[Event "2025 Washington State Championship - Invitational"]
[Site "Lakeside Upper School, 14050 1st Avenue NE, Seattle, WA, USA"]
[Date "2025.02.08"]
[Round "1"]
[Board "1"]
[White "Saddi, Neevan Reddy"]
[Black "Han, Shuyi"]
[Result "1-0"]
[WhiteElo "1877"]
[BlackElo "1818"]
[PlyCount "0"]
[EventDate "2025.02.08"]
[EventRounds "9"]
[EventCountry "USA"]

1. e4 e5 2. Nf3 Nc6 3. Bc4 Bc5 4. c3 Nf6 5. d3 a6 6. O-O d6 7. h3 Ba7 8. Be3 O-O
9. Re1 Bxe3 10. Rxe3 Be6 11. Nbd2 Bxc4 12. Nxc4 Re8 13. Re1 Qd7 14. a4 Rad8 15. Ne3
d5 16. Qc2 g6 17. Rad1 h6 18. exd5 Nxd5 19. Ng4 Qd6 20. c4 Ndb4 21. Qd2 h5 22. c5
Qe6 23. Ngxe5 Nxe5 24. Rxe5 Qb3 25. Rde1 Rxe5 26. Nxe5 Kg7 27. Qg5 Qd5 28. Qg3 c6
29. Re3 Nc2 30. Rf3 Rf8 31. Qf4 Nd4 32. Qf6+ Kh7 33. Re3 Nf5 34. Nxg6 fxg6 35. Qxf8
Nxe3 36. Qe7+ Kg8 37. Qxe3 Qb3 38. Qd4 Qd1+ 39. Kh2 Qb3 40. Qd8+ Kg7 41. Qd4+ Kh7
42. a5 Qb5 43. b4 Kh6 44. h4 1-0

[Event "2025 Washington State Championship - Invitational"]
[Site "Lakeside Upper School, 14050 1st Avenue NE, Seattle, WA, USA"]
[Date "2025.02.08"]
[Round "1"]
[Board "2"]
[White "Moroney, Timothy"]
[Black "Wong-Godfrey, Emerson P"]
[Result "1-0"]
[WhiteElo "1908"]
[BlackElo "1866"]
[PlyCount "0"]
[EventDate "2025.02.08"]
[EventRounds "9"]
[EventCountry "USA"]

1. c4 Nf6 2. g3 g6 3. Bg2 Bg7 4. Nc3 O-O 5. d4 d6 6. h3 e5 7. Nf3 Nc6 8. O-O Rb8
9. Be3 exd4 10. Nxd4 Ne5 11. b3 Re8 12. Qd2 a6 13. Rad1 Bd7 14. Kh2 Qc8 15. Nd5 Nc6
16. Bh6 Ne4 17. Bxe4 Rxe4 18. Bxg7 Kxg7 19. Qc3 Nxd4 20. Rxd4 Re5 21. Rh4 g5 22.
f4 gxh4 23. fxe5 hxg3+ 24. Qxg3+ Kf8 25. exd6 1-0

[Event "2025 Washington State Championship - Invitational"]
[Site "Lakeside Upper School, 14050 1st Avenue NE, Seattle, WA, USA"]
[Date "2025.02.08"]
[Round "1"]
[Board "3"]
[White "Mishra, Abhinav"]
[Black "Thorwe, Pratik"]
[Result "0-1"]
[WhiteElo "1834"]
[BlackElo "1866"]
[PlyCount "0"]
[EventDate "2025.02.08"]
[EventRounds "9"]
[EventCountry "USA"]

1. e4 e6 2. d4 d5 3. Nc3 dxe4 4. Nxe4 Nd7 5. Nf3 Ngf6 6. Nxf6+ Nxf6 7. g3 b6 8. Bb5+
Bd7 9. a4 a6 10. Be2 Bc6 11. O-O Qd5 12. Re1 b5 13. Bf4 Bd6 14. Bxd6 cxd6 15. b4
O-O 16. c4 bxc4 17. Rc1 Rac8 18. Rc3 Bb7 19. Qc2 Ne4 20. Rxc4 Ng5 21. Rc1 Nxf3+ 22.
Bxf3 Qxf3 23. Kf1 g6 24. Rc3 Rxc3 25. Qxc3 Qxc3 26. Rxc3 Rc8 27. Rxc8 Bxc8 28. Ke2
Bd7 0-1

[Event "2025 Washington State Championship - Invitational"]
[Site "Lakeside Upper School, 14050 1st Avenue NE, Seattle, WA, USA"]
[Date "2025.02.08"]
[Round "1"]
[Board "4"]
[White "Razmov, Valentin N"]
[Black "Wang, Leonardo Xirui"]
[Result "1/2-1/2"]
[WhiteElo "1778"]
[BlackElo "1782"]
[PlyCount "0"]
[EventDate "2025.02.08"]
[EventRounds "9"]
[EventCountry "USA"]

1. Nf3 d5 2. c4 c6 3. e3 Nf6 4. Nc3 e6 5. b3 Nbd7 6. d4 Bb4 7. Qc2 Ne4 8. Bd2 Nxd2
9. Nxd2 b6 10. Be2 Bb7 11. Bf3 Nf6 12. O-O O-O 13. Rad1 Qe7 14. e4 Rfd8 15. e5 Nd7
16. Ndb1 Nf8 17. cxd5 cxd5 18. Be2 Rdc8 19. Qb2 Qd7 20. Rc1 Bc6 21. Ba6 Bb7 22. Bb5
Bc6 23. Ba6 1/2-1/2

[Event "2025 Washington State Championship - Invitational"]
[Site "Lakeside Upper School, 14050 1st Avenue NE, Seattle, WA, USA"]
[Date "2025.02.08"]
[Round "1"]
[Board "5"]
[White "Wei, Jeffrey"]
[Black "Palathingal, Rafael"]
[Result "1/2-1/2"]
[WhiteElo "1782"]
[BlackElo "1872"]
[PlyCount "0"]
[EventDate "2025.02.08"]
[EventRounds "9"]
[EventCountry "USA"]

1. e4 e5 2. Nf3 Nc6 3. Bc4 Bc5 4. c3 Nf6 5. d4 exd4 6. b4 Bb6 7. e5 d5 8. exf6 dxc4
9. Qe2+ Be6 10. b5 Nb4 11. cxb4 Qxf6 12. 0-0 0-0-0 13. a4 c3 14. Bg5 d3 15. Qe4 Bd5
16. Bxf6 Bxe4 17. Bxd8 Rxd8 18. Nxc3 Bxf3 19. gxf3 Bd4 20. Ne4 Bxa1 21. Rxa1 Rd4
22. Kf1 f5 23. Ng3 g6 24. Ke1 Rxb4 25. Ra2 Rf4 26. Nf1 Rxf3 27. Nd2 Rh3 28. Ra3 Rxh2
29. Rxd3 Rh4 30. Ra3 Rh1+ 31. Ke2 Rh4 32. Nf3 Re4+ 33. Kf1 h6 34. Ne1 f4 35. Nd3
g5 36. Kg2 g4 37. Ra1 b6 38. a5 h5 39. axb6 axb6 40. Rh1 Rd4 41. Ne5 Rd5 42. Rxh5
Kb7 43. Kf1 Rxb5 44. Ke2 Rc5 45. Kd3 g3 46. fxg3 fxg3 47. Kd4 Ra5 1/2-1/2

[Event "2025 Washington State Championship - Invitational"]
[Site "Lakeside Upper School, 14050 1st Avenue NE, Seattle, WA, USA"]
[Date "2025.02.08"]
[Round "2"]
[Board "1"]
[White "Han, Shuyi"]
[Black "Palathingal, Rafael"]
[Result "1-0"]
[WhiteElo "1818"]
[BlackElo "1872"]
[PlyCount "0"]
[EventDate "2025.02.08"]
[EventRounds "9"]
[EventCountry "USA"]

1. d4 d5 2. c4 c6 3. cxd5 cxd5 4. Bf4 Nc6 5. e3 Nf6 6. Nc3 Bf5 7. Nf3 e6 8. Be2 Be7
9. h3 h6 10. Rc1 O-O 11. O-O a6 12. Na4 Rc8 13. a3 Re8 14. b4 b5 15. Nc5 Bxc5 16.
bxc5 Na5 17. a4 Nc4 18. axb5 axb5 19. Qb3 Be4 20. Qxb5 Bxf3 21. Bxf3 Nd2 22. Rfd1
Nxf3+ 23. gxf3 Nh5 24. Bd6 Qg5+ 25. Kh2 Qf5 26. Qe2 e5 27. dxe5 Rxe5 28. Qc2 Qxc2
29. Rxc2 Re6 30. Rxd5 Nf6 31. Rdd2 Ne8 32. Rb2 Rg6 33. Rb1 Kh7 34. Rbd1 Rf6 35. f4
Rg6 36. Be7 Re6 37. Rd8 Rc7 38. Rxe8 Rexe7 39. Rxe7 Rxe7 40. c6 Rc7 41. Rc1 Kg6 42.
e4 Kf6 43. Kg3 Ke6 44. Kh4 g6 45. f3 Kd6 46. f5 Ke5 47. fxg6 fxg6 48. Rc4 Kf6 49.
Kg4 Kf7 50. f4 Ke6 51. f5+ gxf5+ 52. exf5+ Kf6 53. Rc5 Kf7 54. Kh5 Kg7 55. h4 Rc8
56. c7 Kf6 57. Kg4 Ke7 58. Rc6 Kd7 59. Rxh6 Kxc7 60. f6 Kd7 61. Kg5 Ke6 62. Rh7 Rf8
63. Kg6 Rg8+ 64. Rg7 Rf8 65. Re7+ Kd6 66. Re2 Rg8+ 67. Kh7 Rg4 68. h5 Rg5 69. h6
Rg3 70. f7 Rf3 71. Kg7 Rg3+ 72. Kf8 Rh3 73. Ke8  1-0

[Event "2025 Washington State Championship - Invitational"]
[Site "Lakeside Upper School, 14050 1st Avenue NE, Seattle, WA, USA"]
[Date "2025.02.08"]
[Round "2"]
[Board "2"]
[White "Wang, Leonardo Xirui"]
[Black "Wei, Jeffrey"]
[Result "1/2-1/2"]
[WhiteElo "1782"]
[BlackElo "1782"]
[PlyCount "49"]
[EventDate "2025.02.08"]
[EventRounds "9"]
[EventCountry "USA"]

1. d4 d5 2. c4 e6 3. Nc3 Nf6 4. Bg5 Be7 5. e3 h6 6. Bh4 O-O 7. Nf3 b6 8. Bd3 dxc4
9. Bxc4 Bb7 10. O-O Nbd7 11. Qe2 Ne4 12. Bxe7 Qxe7 13. Rac1 a6 14. Nxe4 Bxe4 15.
Bxa6 Bxf3 16. gxf3 c5 17. dxc5 Nxc5 18. Bc4 Qf6 19. Rfd1 Rfd8 20. Rxd8+ Rxd8 21.
Kh1 Rd6 22. Bb5 Qd8 23. b4 Rd2 24. Qe1 Qd5 25. Bc6  1/2-1/2

[Event "2025 Washington State Championship - Invitational"]
[Site "Lakeside Upper School, 14050 1st Avenue NE, Seattle, WA, USA"]
[Date "2025.02.08"]
[Round "2"]
[Board "3"]
[White "Thorwe, Pratik"]
[Black "Razmov, Valentin N"]
[Result "1-0"]
[WhiteElo "1866"]
[BlackElo "1778"]
[PlyCount "95"]
[EventDate "2025.02.08"]
[EventRounds "9"]
[EventCountry "USA"]

1. e4 d5 2. exd5 Qxd5 3. Nc3 Qa5 4. Bc4 Nf6 5. Qf3 c6 6. h3 Bf5 7. d3 e6 8. g4 Bg6
9. Bd2 Qc7 10. Nge2 Nbd7 11. Bb3 Bd6 12. Nf4 Nd5 13. Bxd5 cxd5 14. h4 Ne5 15. Qe2
h6 16. d4 Nc6 17. Nxg6 fxg6 18. Qxe6+ Qe7 19. Qxe7+ Nxe7 20. O-O-O Kf7 21. Nb5 Bb8
22. Bb4 Rd8 23. Bxe7 Kxe7 24. Rde1+ Kf7 25. Rh3 Bf4+ 26. Kd1 g5 27. Rf3 Rac8 28.
Nc3 Rc4 29. Ne2 Re8 30. Nxf4 Rxe1+ 31. Kxe1 gxf4 32. Rxf4+ Ke6 33. c3 b5 34. a3 Rc8
35. Rf5 Rd8 36. Kd2 Rd7 37. Rf8 Kd6 38. Rb8 Kc6 39. Re8 Kd6 40. f4 Rf7 41. Ke3 Kd7
42. Re5 Kd6 43. f5 Rf6 44. Kf4 g6 45. g5 hxg5+ 46. hxg5 Rf7 47. Re6+ Kc7 48. Ra6
 1-0

[Event "2025 Washington State Championship - Invitational"]
[Site "Lakeside Upper School, 14050 1st Avenue NE, Seattle, WA, USA"]
[Date "2025.02.08"]
[Round "2"]
[Board "4"]
[White "Wong-Godfrey, Emerson P"]
[Black "Mishra, Abhinav"]
[Result "1-0"]
[WhiteElo "1866"]
[BlackElo "1834"]
[PlyCount "71"]
[EventDate "2025.02.08"]
[EventRounds "9"]
[EventCountry "USA"]

1. e4 c6 2. d4 d5 3. e5 c5 4. dxc5 e6 5. Nf3 Bxc5 6. Bd3 f6 7. O-O Nc6 8. Qe2 fxe5
9. Nxe5 Nxe5 10. Qxe5 Nf6 11. Bf4 O-O 12. Bg3 Qb6 13. Nd2 Bd7 14. Nf3 Rae8 15. Qe2
Bd6 16. Ne5 Bc6 17. c4 Bxe5 18. Bxe5 dxc4 19. Bxc4 Nd7 20. Bc3 Kh8 21. Rad1 Rf4 22.
b3 Qc5 23. Rd3 Re4 24. Qd1 Ne5 25. Rg3 Rf8 26. Qa1 Bb5 27. Bxb5 Qxb5 28. a4 Qc5 29.
b4 Qc7 30. Re1 Qf7 31. f3 Rxe1+ 32. Qxe1 Ng6 33. Rg4 Qf5 34. h4 h6 35. Qe3 b6 36.
Qxh6+  1-0

[Event "2025 Washington State Championship - Invitational"]
[Site "Lakeside Upper School, 14050 1st Avenue NE, Seattle, WA, USA"]
[Date "2025.02.08"]
[Round "2"]
[Board "5"]
[White "Saddi, Neevan Reddy"]
[Black "Moroney, Timothy"]
[Result "1-0"]
[WhiteElo "1877"]
[BlackElo "1908"]
[PlyCount "79"]
[EventDate "2025.02.08"]
[EventRounds "9"]
[EventCountry "USA"]

1. e4 c5 2. c3 g6 3. d4 cxd4 4. cxd4 d5 5. exd5 Nf6 6. Nf3 Nxd5 7. Be2 Bg7 8. O-O
O-O 9. Nc3 Nc6 10. a3 Qa5 11. Bd2 Rd8 12. Bc4 Nxc3 13. bxc3 Qc7 14. Qe2 Bd7 15. Rfe1
e6 16. Ba2 b5 17. Ng5 h6 18. Ne4 e5 19. Qf3 Bf5 20. d5 Bxe4 21. Qxe4 Na5 22. Rad1
Nc4 23. Bxc4 Qxc4 24. Qxc4 bxc4 25. Be3 Bf8 26. a4 f5 27. f3 Kf7 28. Re2 h5 29. Bg5
Re8 30. d6 Re6 31. d7 Be7 32. d8=Q Rxd8 33. Rxd8 Bxg5 34. Rd7+ Re7 35. Rxe7+ Kxe7
36. Rxe5+ Kd6 37. Re2 Bf6 38. Kf1 a5 39. Rc2 h4 40. Rb2  1-0

[Event "2025 Washington State Championship - Invitational"]
[Site "Lakeside Upper School, 14050 1st Avenue NE, Seattle, WA, USA"]
[Date "2025.02.09"]
[Round "3"]
[Board "1"]
[White "Moroney, Timothy"]
[Black "Han, Shuyi"]
[Result "1/2-1/2"]
[WhiteElo "1908"]
[BlackElo "1818"]
[PlyCount "70"]
[EventDate "2025.02.08"]
[EventRounds "9"]
[EventCountry "USA"]

1. c4 c6 2. g3 d5 3. Nf3 Nf6 4. Bg2 e6 5. O-O Be7 6. d4 O-O 7. Nbd2 b6 8. Qc2 Bb7
9. Rd1 Na6 10. e4 Qc7 11. b3 Nb4 12. Qb1 Nxe4 13. Nxe4 dxe4 14. Bf4 Qc8 15. Qxe4
c5 16. Qe2 cxd4 17. Nxd4 Bxg2 18. Kxg2 Nc6 19. Nb5 e5 20. Be3 f5 21. f4 Qb7 22. Qf3
e4 23. Qe2 Rad8 24. Rxd8 Rxd8 25. Rd1 Qc8 26. Rd5 a6 27. Nc3 Nb4 28. Rxd8+ Bxd8 29.
Qd2 Nd3 30. Nd5 Qe6 31. Nb4 Qd6 32. Nxa6 Qa3 33. Nb8 Qd6 34. Na6 Qa3 35. Nb8 Qd6
 1/2-1/2

[Event "2025 Washington State Championship - Invitational"]
[Site "Lakeside Upper School, 14050 1st Avenue NE, Seattle, WA, USA"]
[Date "2025.02.09"]
[Round "3"]
[Board "2"]
[White "Mishra, Abhinav"]
[Black "Saddi, Neevan Reddy"]
[Result "1/2-1/2"]
[WhiteElo "1834"]
[BlackElo "1877"]
[PlyCount "47"]
[EventDate "2025.02.08"]
[EventRounds "9"]
[EventCountry "USA"]

1. d4 Nf6 2. Bf4 d5 3. e3 c5 4. Nf3 Nc6 5. Nbd2 e6 6. c3 Be7 7. Ne5 O-O 8. Bd3 Nxe5
9. dxe5 Nd7 10. h4 f6 11. Nf3 fxe5 12. Nxe5 Nxe5 13. Bxe5 Qe8 14. Qg4 Bf6 15. f4
Qf7 16. O-O-O c4 17. Bc2 b5 18. h5 a5 19. Rh3 Ra7 20. Rdh1 h6 21. Bg6 Qd7 22. Rg3
b4 23. Bb1 Qf7 24. Bg6  1/2-1/2

[Event "2025 Washington State Championship - Invitational"]
[Site "Lakeside Upper School, 14050 1st Avenue NE, Seattle, WA, USA"]
[Date "2025.02.09"]
[Round "3"]
[Board "3"]
[White "Razmov, Valentin N"]
[Black "Wong-Godfrey, Emerson P"]
[Result "0-1"]
[WhiteElo "1778"]
[BlackElo "1866"]
[PlyCount "114"]
[EventDate "2025.02.08"]
[EventRounds "9"]
[EventCountry "USA"]

1. e4 e5 2. Nf3 Nc6 3. Bb5 f5 4. d3 fxe4 5. dxe4 Nf6 6. O-O d6 7. Qd3 Qe7 8. Nc3
Be6 9. Ng5 Bg8 10. f4 h6 11. Nf3 a6 12. Ba4 Nd7 13. Nd5 Qd8 14. b4 b5 15. Bb3 exf4
16. Qc3 Bxd5 17. Bxd5 Nce5 18. Bxa8 Qxa8 19. Bxf4 Qa7+ 20. Be3 Qb7 21. Nxe5 dxe5
22. Qb3 Qxe4 23. Rad1 Bd6 24. Qe6+ Kd8 25. Rf7 Qc6 26. Rxg7 Re8 27. Qf5 e4 28. Kh1
Nf8 29. Bxh6 Ne6 30. Rg6 Qxc2 31. Rc1 Qxa2 32. Qxe4 Kd7 33. Qc6+ Ke7 34. Re1 Kf7
35. Rg4 Rh8 36. Qc1 Qb3 37. Re3 Qd5 38. Rf3+ Ke7 39. h3 Rxh6 40. Rf1 Rh7 41. Qe3
Qe5 42. Qxe5 Bxe5 43. Re1 Rh5 44. Rg8 Bc3 45. Re4 Re5 46. Rh4 Re1+ 47. Kh2 Rb1 48.
Rgg4 Kd6 49. Re4 Kd5 50. Re3 Rb3 51. Rh5+ Kd6 52. g4 Rb2+ 53. Kh1 Bd4 54. Rd3 Rxb4
55. g5 Nf4 56. Rh6+ Ke5 57. Rxa6 Nxd3  0-1

[Event "2025 Washington State Championship - Invitational"]
[Site "Lakeside Upper School, 14050 1st Avenue NE, Seattle, WA, USA"]
[Date "2025.02.09"]
[Round "3"]
[Board "4"]
[White "Wei, Jeffrey"]
[Black "Thorwe, Pratik"]
[Result "0-1"]
[WhiteElo "1782"]
[BlackElo "1866"]
[PlyCount "74"]
[EventDate "2025.02.08"]
[EventRounds "9"]
[EventCountry "USA"]

1. e4 e6 2. d4 d5 3. e5 c5 4. c3 Nc6 5. Nf3 Qb6 6. Bd3 Bd7 7. dxc5 Bxc5 8. O-O a5
9. Qe2 Nge7 10. Nbd2 Qc7 11. Nb3 Ba7 12. Re1 Ng6 13. Nbd4 Bb8 14. Nb5 Qd8 15. Bg5
f6 16. exf6 gxf6 17. Bh6 Kf7 18. c4 Nce5 19. Nxe5+ Bxe5 20. cxd5 exd5 21. Qf3 Bc6
22. Qg4 Rg8 23. Qh5 Bxb5 24. Bxb5 Qd6 25. Rad1 Rad8 26. Bc4 Qb4 27. Bb3 a4 28. Rxe5
axb3 29. Rexd5 bxa2 30. Qf5 Ne7 31. Qxh7+ Ke6 32. Bd2 Rxd5 33. Re1+ Re5 34. Bxb4
Rxe1+ 35. Bxe1 a1=Q 36. Qe4+ Kf7 37. Qc4+ Kf8  0-1

[Event "2025 Washington State Championship - Invitational"]
[Site "Lakeside Upper School, 14050 1st Avenue NE, Seattle, WA, USA"]
[Date "2025.02.09"]
[Round "3"]
[Board "5"]
[White "Palathingal, Rafael"]
[Black "Wang, Leonardo Xirui"]
[Result "1/2-1/2"]
[WhiteElo "1872"]
[BlackElo "1782"]
[PlyCount "90"]
[EventDate "2025.02.08"]
[EventRounds "9"]
[EventCountry "USA"]

1. c4 c6 2. Nf3 Nf6 3. Nc3 d5 4. d4 e6 5. cxd5 exd5 6. Bg5 Be7 7. e3 Bf5 8. Bd3 Ne4
9. Bxe7 Qxe7 10. Qc2 Nd7 11. O-O g5 12. Bxe4 Bxe4 13. Nxe4 dxe4 14. Nd2 f5 15. f3
exf3 16. Nxf3 g4 17. Nd2 Qxe3+ 18. Kh1 O-O 19. Rxf5 Rxf5 20. Qxf5 Qxd4 21. Ne4 Rf8
22. Qxg4+ Kh8 23. Rd1 Nc5 24. h3 Qxe4 25. Qg5 Ne6 26. Qe7 Qe2 27. Rg1 Rf1 28. Qxb7
Rxg1+ 29. Kxg1 Qe1+ 30. Kh2 Qe5+ 31. Kh1 Qc7 32. Qb3 Nf4 33. Qc3+ Kg8 34. Qc4+ Kf8
35. Qc5+ Ke8 36. Qe3+ Kd8 37. Qd4+ Kc8 38. g3 Nxh3 39. Kg2 Qd7 40. Qxd7+ Kxd7 41.
Kxh3 Ke6 42. Kg4 Kf6 43. Kf4 h5 44. b4 Kg6 45. g4 h4  1/2-1/2

[Event "2025 Washington State Championship - Invitational"]
[Site "Lakeside Upper School, 14050 1st Avenue NE, Seattle, WA, USA"]
[Date "2025.02.09"]
[Round "4"]
[Board "1"]
[White "Han, Shuyi"]
[Black "Wang, Leonardo Xirui"]
[Result "1/2-1/2"]
[WhiteElo "1818"]
[BlackElo "1782"]
[PlyCount "0"]
[EventDate "2025.02.08"]
[EventRounds "9"]
[EventCountry "USA"]

1. d4 Nf6 2. c4 g6 3. Nc3 Bg7 4. e4 d6 5. Nf3 O-O 6. Be2 e5 7. d5 a5 8. Bg5 h6 9.
Bh4 Na6 10. Nd2 Qe8 11. a3 Bd7 12. g4 Nh7 13. f3 f5 14. gxf5 gxf5 15. Bf2 Kh8 16.
Qc2 fxe4 17. Ndxe4 Bf5 18. Qd2 Nf6 19. Be3 Qg6 20. Rg1 Qh7 21. Bd3 Nxe4 22. Nxe4
Nc5 23. Nxc5 dxc5 24. Bxf5 Rxf5  1/2-1/2

[Event "2025 Washington State Championship - Invitational"]
[Site "Lakeside Upper School, 14050 1st Avenue NE, Seattle, WA, USA"]
[Date "2025.02.09"]
[Round "4"]
[Board "2"]
[White "Thorwe, Pratik"]
[Black "Palathingal, Rafael"]
[Result "1-0"]
[WhiteElo "1866"]
[BlackElo "1872"]
[PlyCount "0"]
[EventDate "2025.02.08"]
[EventRounds "9"]
[EventCountry "USA"]

1. e4 e5 2. Nf3 Nc6 3. Bc4 Bc5 4. O-O Nf6 5. d4 Bxd4 6. Nxd4 Nxd4 7. f4 d6 8. c3
Nc6 9. f5 h6 10. b4 a6 11. Qf3 Qe7 12. Be3 Bd7 13. Nd2 b5 14. Bd3 Nd8 15. Qg3 Rg8
16. Nf3 Bc6 17. Nd2 g5 18. Qh3 h5 19. Qf3 h4 20. g4 hxg3 21. hxg3 g4 22. Qh1 Nb7
23. Qh6 Nd7 24. Qh2 Nf6 25. Qe2 O-O-O 26. a4 bxa4 27. c4 a5 28. b5 Be8 29. Rxa4 Nh5
30. Qg2 Nc5 31. Ra3 a4 32. Bc2 f6 33. Bxa4 Rh8 34. Bc2 Bf7 35. Rfa1 Kd7 36. Bxc5
dxc5 37. b6 Ke8 38. b7 Kf8 39. Ra8 Kg7 40. Rxd8 Qxd8 41. Ra8 Qxa8 42. bxa8=Q Rxa8
43. Qe2 Ra1+ 44. Kg2 Ra2 45. Qxg4+ Kf8 46. Qd1 Ng7 47. Qb1 Ra5 48. Nb3 Ra4 49. Nxc5
Rxc4 50. Nd7+ Ke7 51. Nb8 Ne8 52. Bd3 Ra4 53. Qb5 Ra2+ 54. Kh3 Kf8 55. Qc5+ Kg7 56.
Qe7 Rb2 57. Nc6 Nd6 58. Qxc7 Ne8 59. Qe7 Rb6 60. Nd8 Nd6  1-0

[Event "2025 Washington State Championship - Invitational"]
[Site "Lakeside Upper School, 14050 1st Avenue NE, Seattle, WA, USA"]
[Date "2025.02.09"]
[Round "4"]
[Board "3"]
[White "Wong-Godfrey, Emerson P"]
[Black "Wei, Jeffrey"]
[Result "1-0"]
[WhiteElo "1866"]
[BlackElo "1782"]
[PlyCount "0"]
[EventDate "2025.02.08"]
[EventRounds "9"]
[EventCountry "USA"]

1. e4 e5 2. Nf3 Nc6 3. Bc4 Nf6 4. Ng5 d5 5. exd5 Na5 6. Bb5+ c6 7. dxc6 bxc6 8. Be2
h6 9. Nf3 e4 10. Ne5 Bc5 11. c3 Qc7 12. d4 exd3 13. Nxd3 Bd6 14. h3 O-O 15. Nd2 Re8
16. O-O Bf5 17. b4 Nb7 18. Nc4 Bh2+ 19. Kh1 Rad8 20. Be3 Nd6 21. Nxd6 Bxd6 22. Bd4
Ne4 23. Bg4 Bh7 24. Re1 Bf4 25. Nxf4 Qxf4 26. Qf3 Qd2 27. Kg1 Qg5 28. Qe3 Qb5 29.
Be2 Qa4 30. Bd3 Bg6 31. Qf3 Ng5 32. Rxe8+ Rxe8 33. Qg3 Bxd3 34. Qxd3 Ne6 35. Re1
Rd8 36. Rxe6 fxe6 37. Qg6 Qd1+ 38. Kh2 Rxd4 39. Qxe6+ Kh7 40. Qf5+ Kg8 41. Qe6+ Kh7
42. cxd4 Qxd4 43. Qxc6 Qxf2 44. Qe4+ Kh8 45. a4 Qb6 46. Qf4 Kg8 47. Qc4+ Kf8 48.
a5 Qd6+ 49. Kg1 Qd1+ 50. Kf2 Qd2+ 51. Kf3 Qd1+ 52. Qe2 Qd5+ 53. Qe4 Qb3+ 54. Kg4
Kg8 55. Qe8+ Kh7 56. Qe4+ Kh8 57. Kf4 Qf7+ 58. Kg3 Qc7+ 59. Qf4 Qb7 60. Kh2 Qa6 61.
Qf8+ Kh7 62. Qc5 Kh8 63. Qe7 Kh7 64. Qe4+ Kh8 65. Qe8+ Kh7 66. Qa4 Qd6+ 67. Kh1 Qd4
68. Qc2+ Kh8 69. Qc5 1-0

[Event "2025 Washington State Championship - Invitational"]
[Site "Lakeside Upper School, 14050 1st Avenue NE, Seattle, WA, USA"]
[Date "2025.02.09"]
[Round "4"]
[Board "4"]
[White "Saddi, Neevan Reddy"]
[Black "Razmov, Valentin N"]
[Result "1/2-1/2"]
[WhiteElo "1877"]
[BlackElo "1778"]
[PlyCount "0"]
[EventDate "2025.02.08"]
[EventRounds "9"]
[EventCountry "USA"]

1. e4 g6 2. Nf3 Bg7 3. d4 d6 4. Be2 Nf6 5. Nc3 c6 6. h3 O-O 7. O-O Qc7 8. Be3 b5
9. a3 Nbd7 10. Qd2 a6 11. Rad1 Bb7 12. b4 c5 13. dxc5 dxc5 14. e5 Nxe5 15. Nxe5 cxb4
16. axb4 Qxe5 17. Bf4 Qe6 18. Rfe1 Qb6 19. Bd3 e6 20. Be5 Rfd8 21. Qe2 Nd5 22. Nxd5
Rxd5 23. Bxg7 Kxg7 24. Be4 Rxd1 25. Rxd1 Bxe4 26. Qxe4 Rc8 27. Rd3 Rxc2 28. Qh4 Rc4
29. Qg3 Rxb4 30. Qe5+ Kg8 31. Qf6 Rb1+ 32. Kh2 Qc7+ 33. g3 Rb4 34. Rd8+ Qxd8 35.
Qxd8+ Kg7 36. Qa5 Ra4 37. Qc3+ Kg8 38. Qc6 Kg7 39. h4 h5 40. Kg2 Ra3 41. Qd6 Ra4
42. Kf3 Rc4 43. Qxa6 Rc5 44. Qa3 Rd5 45. Qc3+ Kg8 46. Ke4 Rf5 47. f3 Kh7 48. g4 Rd5
49. Qc8 Kg7 50. Qe8 hxg4 51. fxg4 f5+ 52. Kf4 fxg4 53. Qe7+ Kh6 54. Qf8+ Kh7 55.
Qf7+ Kh6 56. Qg8 Rd7 57. Qh8+ Rh7 58. Qf6 Rc7 59. Qg5+ Kh7 60. Qxb5 Rf7+ 61. Kxg4
Rf5 62. Qd7+ Kh6 63. Qe8 Kg7 64. Qxe6 Rh5 65. Qe7+ Kg8 66. Qf6 Rh7 67. Qd8+ Kg7 68.
Qe7+ Kg8 69. Qf6 Rh6 70. Kg3 Rh7 71. Kh3 Rh6 72. Qe7 Kh8 73. Qe8+ Kg7 74. Kg4 Rh5
75. Qe7+ Kg8 76. Qf6 Rh6 77. Qa6 Kg7 78. Qa1+ Kf7 79. Qe5 Rh5 80. Qc7+ Kg8 81. Qd8+
Kg7 82. Kf4 Rf5+ 83. Ke4 Kh7 84. Qe7+ Kg8 85. Qb4 Kg7 86. Qb8 Kh7 87. Qe8 Kg7 88.
Qe7+ Kg8 89. Ke3 Kh8 90. Ke4 Kg8 91. Qd8+ Kg7 92. Qd4+ Kg8 93. Qa7 Kh8 94. h5 Rxh5
95. Qf7 Rh6 96. Kf4 Rh1 97. Qf8+ Kh7 98. Qe7+ Kh8 99. Qd8+ Kg7 100. Qd7+ Kh6  1/2-1/2

[Event "2025 Washington State Championship - Invitational"]
[Site "Lakeside Upper School, 14050 1st Avenue NE, Seattle, WA, USA"]
[Date "2025.02.09"]
[Round "4"]
[Board "5"]
[White "Moroney, Timothy"]
[Black "Mishra, Abhinav"]
[Result "1/2-1/2"]
[WhiteElo "1908"]
[BlackElo "1834"]
[PlyCount "0"]
[EventDate "2025.02.08"]
[EventRounds "9"]
[EventCountry "USA"]

1. c4 c6 2. g3 d5 3. Nf3 Bg4 4. Ne5 Nf6 5. Nxg4 Nxg4 6. Qb3 Qb6 7. Qxb6 axb6 8. cxd5
cxd5 9. Nc3 e6 10. Bg2 Nc6 11. O-O Be7 12. d3 O-O 13. Bd2 Rfc8 14. Nb5 Na7 15. Nxa7
Rxa7 16. Rfc1 Raa8 17. Rxc8+ Rxc8 18. Rc1 Rxc1+ 19. Bxc1 Bc5 20. e3 Ne5 21. Bf1 Bd6
22. Be2 f5 23. f4 Nc6 24. a3 Kf7 25. Bf3 g6 26. b4 Ke7 27. Bb2 Kd7 28. Kf2 b5 29.
h3 Kc7 30. Bd1 b6 31. Bb3 Kd7 32. Kf3 Ne7 33. g4 Bc7 34. e4 Bd8 35. Bf6 dxe4+ 36.
dxe4 Nc6 37. Bc3 Bc7 38. exf5 exf5 39. g5 Ne7 40. Bf7 Bd8 41. h4 Kd6 42. Be5+ Kd7
43. Ke3 Bc7 44. Bf6 Bd6 45. Bd4 Kc7 46. Bf6 Kd7 47. Bd4 Kc7  1/2-1/2

[Event "2025 Washington State Championship - Invitational"]
[Site "Lakeside Upper School, 14050 1st Avenue NE, Seattle, WA, USA"]
[Date "2025.02.15"]
[Round "5"]
[Board "1"]
[White "Mishra, Abhinav"]
[Black "Han, Shuyi"]
[Result "0-1"]
[WhiteElo "1834"]
[BlackElo "1818"]
[PlyCount "48"]
[EventDate "2025.02.08"]
[EventRounds "9"]
[EventCountry "USA"]

1. d4 d5 2. Bf4 Nf6 3. e3 e6 4. Nf3 Bd6 5. Nbd2 b6 6. Ne5 Bb7 7. Bd3 Ne4 8. Qf3 Nxd2
9. Kxd2 Bxe5 10. Bxe5 f6 11. Qg3 fxe5 12. Qxg7 Rf8 13. Bxh7 Qe7 14. Qxe7+ Kxe7 15.
Ke2 Rf7 16. Bd3 e4 17. Bb5 c6 18. Ba4 Nd7 19. f4 exf3+ 20. gxf3 Rh8 21. Rag1 e5 22.
c3 Rhf8 23. Rg3 Ba6+ 24. Kf2 Nf6 25. Kg2 exd4 26. cxd4 Kd7 27. Rc1 b5 28. Bd1 Re7
29. f4 Rfe8 30. Rg6 Rf8 31. Kf3 Bb7 32. a4 a6 33. axb5 axb5 34. Bc2 Ne4 35. Rcg1
Nd2+ 36. Kf2 Nc4 37. R1g3 Nxb2 38. h4 Rh8 39. Bf5+ Kc7 40. Rg7 Rxg7 41. Rxg7+ Kb6
42. Kg3 Nc4 43. Re7 Bc8 44. Bd3 Rg8+ 45. Kf3 b4 46. f5 Rf8 47. Kf4 Bxf5 48. Bxf5
Nd6  0-1

[Event "2025 Washington State Championship - Invitational"]
[Site "Lakeside Upper School, 14050 1st Avenue NE, Seattle, WA, USA"]
[Date "2025.02.15"]
[Round "5"]
[Board "2"]
[White "Razmov, Valentin N"]
[Black "Moroney, Timothy"]
[Result "0-1"]
[WhiteElo "1778"]
[BlackElo "1908"]
[PlyCount "30"]
[EventDate "2025.02.08"]
[EventRounds "9"]
[EventCountry "USA"]

1. Nf3 Nf6 2. c4 c5 3. Nc3 Nc6 4. d4 cxd4 5. Nxd4 e6 6. e3 Bb4 7. Qc2 O-O 8. Be2
d5 9. Nxc6 bxc6 10. O-O a5 11. Rd1 Ba6 12. a3 Bd6 13. cxd5 cxd5 14. Bxa6 Rxa6 15.
Bd2 Qb8 16. h3 Rc6 17. Qa4 Rc4 18. Qb5 Qc7 19. Qa6 Rc6 20. Qd3 Rc8 21. e4 dxe4 22.
Nxe4 Be5 23. Nxf6+ Bxf6 24. Rab1 Rd8 25. Qe4 Rcd6 26. Rdc1 Qb6 27. Be3 Qb3 28. Qc4
Rd1+ 29. Kh2 Qxc4 30. Rxc4 Rxb1  0-1